| 000 | 00632nam a22002057a 4500 | ||
|---|---|---|---|
| 005 | 20251108171821.0 | ||
| 008 | 250721s1977 xx 000 0 ara d | ||
| 082 | 1 | 4 | _aط/599.74428/بمب |
| 100 | 1 | _aبمبرتون، جون لي | |
| 245 | 1 | 0 | _aالأسود و النمور / |
| 264 | 1 |
_aبيروت : _bمكتبة لبنان، _c1977. |
|
| 300 | _a51ص : مص | ||
| 490 | 0 | _aسلسلة ليد بيرد : الكتب الرائدة ؛ 5 | |
| 650 | 1 | 7 | _aالحيوانات |
| 650 | 1 | 7 | _aالأسود |
| 650 | 1 | 7 | _aالنمور |
| 700 | 1 |
_aالخطيب، أحمد شفيق _eترجمة |
|
| 942 |
_2ddc _cBK |
||
| 999 |
_c63327 _d63327 |
||